[Event "EU-ch Online 2300+ Qual"]
[Site "Chess.com INT"]
[Date "2020.05.29"]
[Round "2"]
[White "Zimina, Olga"]
[Black "Svetlov, Dmitry"]
[Result "0-1"]
[WhiteElo "2378"]
[BlackElo "2358"]
[PlyCount "92"]
[EventDate "2020.05.29"]
[EventType "swiss"]
[EventRounds "8"]
[EventCountry "NET"]
[SourceTitle "CBM 196 Extra"]
[Source "ChessBase"]
[SourceDate "2020.07.31"]
[SourceVersion "1"]
[SourceVersionDate "2020.07.31"]
[SourceQuality "1"]

1. Nf3 Nf6 2. c4 g6 3. Nc3 d5 4. cxd5 Nxd5 5. Qa4+ Nc6 6. Ne5 Ndb4 7. Nxc6 Nxc6 8. g3 Bg7 9. Bg2 Bd7 10. d3 0-0 11. Qh4 Nd4 12. 0-0 c6 13. e3 Nf5 14. Qa4 c5 15. Qb3 Rb8 16. a4 Be6 17. Bd5 Bxd5 18. Nxd5 e6 19. Nf4 Qd6 20. Rd1 Rfd8 21. Qc2 Rbc8 22. a5 e5 23. Ne2 e4 24. Ra3 b5 25. axb6 axb6 26. Rd2 exd3 27. Raxd3 Qe7 28. Nf4 h5 29. Nd5 Qb7 30. b3 b5 31. Qd1 Re8 32. Nf4 c4 33. Rd7 Qe4 34. bxc4 bxc4 35. R2d5 c3 36. Qb3 Rb8 37. Rb5 Rxb5 38. Qxf7+ Kh8 39. Nxg6+ Kh7 40. Nf4 Rb6 41. f3 Qb1 42. Ne2 Rxe3 43. Qxh5+ Rh6 44. Qg5 Rxe2 45. Rxg7+ Nxg7 46. Qxh6+ Kg8 0-1

[Event "EU-ch Online 2300+ Qual"]
[Site "Chess.com INT"]
[Date "2020.05.29"]
[Round "8"]
[White "Zpevak, Pavel"]
[Black "Svetlov, Dmitry"]
[Result "1/2-1/2"]
[WhiteElo "2344"]
[BlackElo "2358"]
[PlyCount "85"]
[EventDate "2020.05.29"]
[EventType "swiss"]
[EventRounds "8"]
[EventCountry "NET"]
[SourceTitle "CBM 196 Extra"]
[Source "ChessBase"]
[SourceDate "2020.07.31"]
[SourceVersion "1"]
[SourceVersionDate "2020.07.31"]
[SourceQuality "1"]

1. d4 Nf6 2. c4 g6 3. Nc3 d5 4. Nf3 Bg7 5. Bg5 dxc4 6. e3 Be6 7. Ne5 Nd5 8. Nxc4 c5 9. Ne4 cxd4 10. exd4 0-0 11. Be2 Nc6 12. 0-0 Nxd4 13. Nc5 Bc8 14. Bd3 h6 15. Bh4 b6 16. Nb3 Nf5 17. Bxf5 Bxf5 18. Nd4 Rc8 19. Rc1 Bd7 20. Re1 Rc7 21. Ne5 Re8 22. Bg3 Rxc1 23. Qxc1 e6 24. Ndc6 Bxc6 25. Qxc6 Qc8 26. Qa4 a5 27. h4 h5 28. Qb5 Rd8 29. Nc6 Qd7 30. Rc1 Kh7 31. b3 Rc8 32. Rc4 Nc3 33. Qxb6 Qd1+ 34. Kh2 Ne2 35. f3 Rxc6 36. Rxc6 Bd4 37. Qc7 Qg1+ 38. Kh3 Qh1+ 39. Bh2 Ng1+ 40. Kg3 Ne2+ 41. Kh3 Ng1+ 42. Kg3 Ne2+ 43. Kh3 1/2-1/2

[Event "Khanty-Mansiysk Governor Cup 14th"]
[Site "Khanty-Mansiysk"]
[Date "2018.11.23"]
[Round "7"]
[White "Bocharov, Dmitry"]
[Black "Svetlov, Dmitry"]
[Result "1-0"]
[WhiteElo "2557"]
[BlackElo "2384"]
[PlyCount "93"]
[EventDate "2018.11.17"]
[EventType "swiss"]
[EventRounds "9"]
[EventCountry "RUS"]
[SourceTitle "CBM 187 Extra"]
[Source "ChessBase"]
[SourceDate "2018.11.04"]
[SourceVersion "1"]
[SourceVersionDate "2018.11.04"]
[SourceQuality "1"]

1. e4 c6 2. d4 d5 3. e5 Bf5 4. Nf3 e6 5. Be2 Ne7 6. 0-0 Nd7 7. Nbd2 h6 8. Nb3 Bh7 9. a4 Ng6 10. a5 Be7 11. g3 c5 12. Nxc5 Bxc5 13. dxc5 0-0 14. b4 Ngxe5 15. Nxe5 Nxe5 16. a6 b6 17. Be3 Nd7 18. cxb6 Nxb6 19. Bc5 Re8 20. Bb5 Nd7 21. Be3 Qc7 22. c4 Reb8 23. Rc1 Qd6 24. Re1 Rxb5 25. cxb5 Qxb4 26. Bd4 Qxb5 27. Rc7 Bf5 28. Rb7 Qc6 29. Qa1 e5 30. Bxe5 d4 31. Bxd4 Bh3 32. f3 Qxf3 33. Qa2 Be6 34. Rxe6 Qd1+ 35. Kg2 Qxd4 36. Re7 Ne5 37. Qe2 Qd5+ 38. Kg1 Nf3+ 39. Kf2 Ng5 40. h4 Qf5+ 41. Kg1 Nf3+ 42. Kg2 Nd4 43. Qe4 Rd8 44. Qxf5 Nxf5 45. Rxf7 Rd2+ 46. Kh3 g6 47. Rfd7 1-0

[Event "Khanty-Mansiysk Governor Cup 14th"]
[Site "Khanty-Mansiysk"]
[Date "2018.11.22"]
[Round "6"]
[White "Svetlov, Dmitry"]
[Black "Shoboev, Dandar"]
[Result "1/2-1/2"]
[WhiteElo "2384"]
[BlackElo "2226"]
[PlyCount "65"]
[EventDate "2018.11.17"]
[EventType "swiss"]
[EventRounds "9"]
[EventCountry "RUS"]
[SourceTitle "CBM 187 Extra"]
[Source "ChessBase"]
[SourceDate "2018.11.04"]
[SourceVersion "1"]
[SourceVersionDate "2018.11.04"]
[SourceQuality "1"]

1. d4 Nf6 2. Nf3 d5 3. Bf4 c5 4. e3 Nc6 5. Nc3 a6 6. dxc5 e6 7. Na4 Bxc5 8. Nxc5 Qa5+ 9. c3 Qxc5 10. Bd3 0-0 11. 0-0 h6 12. Ne5 Nd7 13. Nxc6 Qxc6 14. Rc1 b5 15. f3 Bb7 16. Qd2 Rad8 17. g4 e5 18. Bg3 e4 19. Be2 exf3 20. Bxf3 Nc5 21. Be5 Ne4 22. Qg2 f6 23. Bd4 Rfe8 24. Be2 Qe6 25. Rf4 Bc6 26. Bd3 Rd6 27. Rcf1 Qd7 28. h4 Bb7 29. Bc2 Rde6 30. Bd3 Rd6 31. Bc2 Rde6 32. Bd3 Rd6 33. Bc2 1/2-1/2

[Event "Moscow op-A"]
[Site "Moscow"]
[Date "2015.02.04"]
[Round "5"]
[White "Svetlov, Dmitry"]
[Black "Kazhgaleyev, Murtas"]
[Result "0-1"]
[WhiteElo "2396"]
[BlackElo "2573"]
[PlyCount "174"]
[EventDate "2015.01.31"]
[EventType "swiss"]
[EventRounds "9"]
[EventCountry "RUS"]
[SourceTitle "CBM 164 Extra"]
[Source "ChessBase"]
[SourceDate "2015.03.02"]
[SourceVersion "1"]
[SourceVersionDate "2015.03.02"]
[SourceQuality "1"]

1. Nf3 e6 2. c4 Nf6 3. g3 d5 4. Bg2 Nbd7 5. 0-0 dxc4 6. Qa4 c5 7. Qxc4 b6 8. d4 Bb7 9. Nc3 Rc8 10. Rd1 a6 11. dxc5 Bxc5 12. Qf4 Qe7 13. Be3 0-0 14. Bxc5 Nxc5 15. Ne5 b5 16. Bxb7 Qxb7 17. Rd4 a5 18. Qf3 b4 19. Qxb7 Nxb7 20. Na4 Rc2 21. Kf1 Nd5 22. Rc4 Rc8 23. Rxc2 Rxc2 24. Ke1 f6 25. Nd3 Kf7 26. e4 Ne7 27. Kd1 Rc4 28. f3 Nd6 29. Rc1 Nc6 30. Rxc4 Nxc4 31. b3 Nd6 32. Kd2 g5 33. Ke3 e5 34. Nb6 Nb5 35. Nd5 Ne7 36. Nxe7 Kxe7 37. Nc5 Nc3 38. Nb7 Nxa2 39. Nxa5 Kd6 40. Kd3 Kc5 41. Nb7+ Kc6 42. Nd8+ Kd7 43. Nf7 Nc1+ 44. Kc4 Ne2 45. Nh6 Ng1 46. Kxb4 Nxf3 47. Kc5 Ke6 48. b4 Nd2 49. b5 Nxe4+ 50. Kc6 Nd6 51. b6 Nc4 52. Kc5 Nxb6 53. Kxb6 e4 54. g4 Ke5 55. Kc5 e3 56. Nf5 e2 57. Nd4 e1N 58. h3 Nd3+ 59. Kc4 Nf2 60. Nc6+ Kd6 61. Nd8 Nxh3 62. Kd4 Ke7 63. Nc6+ Kd7 64. Nb8+ Ke6 65. Ke4 Nf2+ 66. Kf3 Nd3 67. Na6 f5 68. Ke3 Ne5 69. gxf5+ Kxf5 70. Nc7 h5 71. Nd5 h4 72. Kf2 Nd3+ 73. Kg1 g4 74. Ne3+ Kf4 75. Ng2+ Kg5 76. Ne3 h3 77. Kh2 Kf4 78. Nf1 Nc5 79. Ng3 Ne4 80. Ne2+ Kg5 81. Nd4 Nd6 82. Ne2 Nf5 83. Ng1 Kh4 84. Ne2 g3+ 85. Kh1 Kg4 86. Ng1 Nd4 87. Ne2 g2+ 0-1

[Event "Kstovo Kichigin Memorial op 5th"]
[Site "Kstovo"]
[Date "2015.01.18"]
[Round "3"]
[White "Svetlov, Dmitry"]
[Black "Mordovchenkov, Nikolay"]
[Result "1/2-1/2"]
[WhiteElo "2390"]
[BlackElo "1814"]
[PlyCount "47"]
[EventDate "2015.01.16"]
[EventType "swiss"]
[EventRounds "9"]
[EventCountry "RUS"]
[SourceTitle "CBM 164 Extra"]
[Source "ChessBase"]
[SourceDate "2015.03.02"]
[SourceVersion "1"]
[SourceVersionDate "2015.03.02"]
[SourceQuality "1"]

1. d4 e6 2. c4 c5 3. Nf3 cxd4 4. Nxd4 a6 5. g3 Nc6 6. Bg2 Bb4+ 7. Bd2 Qe7 8. Nb3 Nf6 9. 0-0 0-0 10. Nc3 Ne5 11. a3 Bd6 12. c5 Bxc5 13. Na4 Bd6 14. Rc1 Nc6 15. Nb6 Rb8 16. Nc4 Re8 17. Be3 Bc7 18. Bc5 Qd8 19. Nd6 Bxd6 20. Qxd6 Ra8 21. Rfd1 e5 22. Bh3 Ne4 23. Qd5 Nf6 24. Qd6 1/2-1/2

[Event "Kstovo Kichigin Memorial op 5th"]
[Site "Kstovo"]
[Date "2015.01.17"]
[Round "2"]
[White "Svetlov, Dmitry"]
[Black "Shilnikov, Igor S"]
[Result "1/2-1/2"]
[WhiteElo "2390"]
[BlackElo "1769"]
[PlyCount "54"]
[EventDate "2015.01.16"]
[EventType "swiss"]
[EventRounds "9"]
[EventCountry "RUS"]
[SourceTitle "CBM 164 Extra"]
[Source "ChessBase"]
[SourceDate "2015.03.02"]
[SourceVersion "1"]
[SourceVersionDate "2015.03.02"]
[SourceQuality "1"]

1. d4 Nf6 2. Nf3 c5 3. e3 d5 4. Bb5+ Bd7 5. Bxd7+ Nbxd7 6. 0-0 Qc7 7. b3 Rc8 8. Bb2 cxd4 9. Qxd4 a6 10. Nbd2 e6 11. c4 Bc5 12. Qh4 0-0 13. cxd5 exd5 14. Rfc1 Qa5 15. a3 Be7 16. b4 Qb5 17. Qd4 Qb6 18. Qd3 Rfe8 19. Bd4 Qe6 20. h3 Ne4 21. Nb3 Bd6 22. Rc2 h5 23. Rac1 Rxc2 24. Qxc2 Nb8 25. Na5 Qd7 26. Qb2 f6 27. Qc2 Kf7 1/2-1/2

[Event "Chigorin Memorial 22nd"]
[Site "St Petersburg"]
[Date "2014.10.25"]
[Round "8"]
[White "Svetlov, Dmitry"]
[Black "Smirnov, Pavel"]
[Result "1/2-1/2"]
[WhiteElo "2387"]
[BlackElo "2611"]
[PlyCount "132"]
[EventDate "2014.10.18"]
[EventType "swiss"]
[EventRounds "9"]
[EventCountry "RUS"]
[SourceTitle "EXT 2015"]
[Source "ChessBase"]
[SourceDate "2014.11.20"]
[SourceVersion "1"]
[SourceVersionDate "2014.11.20"]
[SourceQuality "1"]

1. d4 d5 2. Nf3 Nf6 3. c4 e6 4. g3 Bb4+ 5. Bd2 Be7 6. Bg2 c6 7. Qc2 b6 8. Bf4 Ba6 9. cxd5 Nxd5 10. Bxb8 Rxb8 11. Qxc6+ Kf8 12. Qa4 Qc8 13. 0-0 Bxe2 14. Re1 Qa6 15. Qxa6 Bxa6 16. Ne5 Rc8 17. Bxd5 exd5 18. Nc3 f6 19. Ng4 Bb4 20. Ne3 Bb7 21. Rec1 Bxc3 22. Rxc3 Rxc3 23. bxc3 Kf7 24. Kf1 h5 25. Ke2 h4 26. a4 hxg3 27. hxg3 Ke6 28. a5 b5 29. Kd2 Bc8 30. Re1 Kd6 31. Rb1 Bd7 32. Re1 g5 33. g4 Rh4 34. Rg1 Be6 35. Ke2 Kc6 36. Kf3 Kd6 37. Ke2 Rh3 38. Kf1 Kc6 39. Kg2 Rh7 40. Kg3 Rc7 41. Rb1 Kb7 42. Rxb5+ Ka6 43. Rb8 Kxa5 44. Re8 Bf7 45. Rd8 Ka4 46. Nxd5 Bxd5 47. Rxd5 Rxc3+ 48. f3 Rc6 49. f4 gxf4+ 50. Kxf4 a5 51. Ke4 Kb4 52. Rd8 a4 53. Rb8+ Ka5 54. Rb1 a3 55. d5 Ra6 56. g5 fxg5 57. Ke5 a2 58. Ra1 Kb6 59. d6 g4 60. Ke6 Kc5 61. Ke7 Rxd6 62. Rc1+ Kd5 63. Rd1+ Ke5 64. Re1+ Kd5 65. Rd1+ Kc5 66. Rc1+ Kd5 1/2-1/2

[Event "Chigorin Memorial 22nd"]
[Site "St Petersburg"]
[Date "2014.10.23"]
[Round "6"]
[White "Svetlov, Dmitry"]
[Black "Ganguly, Surya Shekhar"]
[Result "0-1"]
[WhiteElo "2387"]
[BlackElo "2613"]
[PlyCount "78"]
[EventDate "2014.10.18"]
[EventType "swiss"]
[EventRounds "9"]
[EventCountry "RUS"]
[SourceTitle "EXT 2015"]
[Source "ChessBase"]
[SourceDate "2014.11.20"]
[SourceVersion "1"]
[SourceVersionDate "2014.11.20"]
[SourceQuality "1"]

1. d4 Nf6 2. Nf3 g6 3. g3 Bg7 4. Bg2 0-0 5. 0-0 d6 6. c4 Nbd7 7. Qc2 e5 8. Rd1 Qe7 9. e4 exd4 10. Nxd4 Ne5 11. h3 c5 12. Ne2 Re8 13. Be3 a6 14. a4 b5 15. axb5 Nxc4 16. Bg5 Bb7 17. Nbc3 axb5 18. Nxb5 Rxa1 19. Rxa1 Bxe4 20. Qxc4 d5 21. Qb3 Bxg2 22. Kxg2 Qxe2 23. Bxf6 Bxf6 24. Nd6 Rf8 25. Qxd5 Bd4 26. Qf3 Qxf3+ 27. Kxf3 Bxb2 28. Ra2 Be5 29. Ne4 Bd4 30. Rc2 f5 31. Nd6 Rb8 32. g4 fxg4+ 33. Kxg4 h5+ 34. Kg5 Kg7 35. Ne4 Rf8 36. Re2 Rf3 37. Kh4 Kh6 38. Re1 Bxf2+ 39. Nxf2 g5# 0-1

[Event "Chigorin Memorial 22nd"]
[Site "St Petersburg"]
[Date "2014.10.22"]
[Round "5"]
[White "Grachev, Boris V"]
[Black "Svetlov, Dmitry"]
[Result "1/2-1/2"]
[WhiteElo "2673"]
[BlackElo "2387"]
[PlyCount "80"]
[EventDate "2014.10.18"]
[EventType "swiss"]
[EventRounds "9"]
[EventCountry "RUS"]
[SourceTitle "EXT 2015"]
[Source "ChessBase"]
[SourceDate "2014.11.20"]
[SourceVersion "1"]
[SourceVersionDate "2014.11.20"]
[SourceQuality "1"]

1. d4 d5 2. Nf3 Nf6 3. c4 e6 4. Nc3 c6 5. e3 Nbd7 6. Qc2 Bd6 7. b3 0-0 8. Be2 dxc4 9. bxc4 e5 10. 0-0 Re8 11. Rd1 Qe7 12. h3 a6 13. a4 c5 14. dxe5 Nxe5 15. Ng5 Ng6 16. Bb2 Bd7 17. Bf3 Qe5 18. Rxd6 Qxd6 19. Nd5 Re5 20. Rd1 Nxd5 21. Bxd5 Rxd5 22. cxd5 Rc8 23. Ne4 Qe7 24. d6 Qh4 25. Qc3 f6 26. Qb3+ Kh8 27. Qxb7 Nf8 28. Nc3 Qb4 29. Qxb4 cxb4 30. Nd5 a5 31. Nb6 Rc6 32. Nxd7 Nxd7 33. Rd5 Rc5 34. Rxc5 Nxc5 35. Bd4 Nd7 36. f4 Kg8 37. Kf2 Kf7 38. f5 Ke8 39. Ke2 Ne5 40. Bxe5 fxe5 1/2-1/2

[Event "Chigorin Memorial 21st"]
[Site "St Petersburg"]
[Date "2013.10.11"]
[Round "7"]
[White "Svetlov, Dmitry"]
[Black "Sukhareva, Evgenia"]
[Result "1/2-1/2"]
[WhiteElo "2371"]
[BlackElo "2210"]
[PlyCount "62"]
[EventDate "2013.10.05"]
[EventType "swiss"]
[EventRounds "9"]
[EventCountry "RUS"]
[SourceTitle "CBM 156 Extra"]
[Source "ChessBase"]
[SourceDate "2013.10.22"]
[SourceVersion "1"]
[SourceVersionDate "2013.10.22"]
[SourceQuality "1"]

1. d4 d5 2. c4 e6 3. Nf3 Nf6 4. g3 dxc4 5. Qa4+ Nbd7 6. Qxc4 a6 7. Bg2 c5 8. Qc2 b6 9. 0-0 Bb7 10. Bg5 Rc8 11. dxc5 Bxc5 12. Nc3 b5 13. Qd3 Qb6 14. a4 Ng4 15. Nd1 Nge5 16. Nxe5 Nxe5 17. Qb3 Bxg2 18. Kxg2 b4 19. Be3 0-0 20. Bxc5 Rxc5 21. Ne3 Rfc8 22. Rfd1 g6 23. Rd4 a5 24. Rad1 h5 25. f3 Kg7 26. Rd6 R8c6 27. Rd8 Rc8 28. R8d6 R8c6 29. Rd8 Rc8 30. R8d6 R8c6 31. Rd8 Rc8 1/2-1/2

[Event "Chigorin Memorial 21st"]
[Site "St Petersburg"]
[Date "2013.10.10"]
[Round "6"]
[White "Bernadskiy, Vitaliy"]
[Black "Svetlov, Dmitry"]
[Result "1-0"]
[WhiteElo "2527"]
[BlackElo "2371"]
[PlyCount "35"]
[EventDate "2013.10.05"]
[EventType "swiss"]
[EventRounds "9"]
[EventCountry "RUS"]
[SourceTitle "CBM 156 Extra"]
[Source "ChessBase"]
[SourceDate "2013.10.22"]
[SourceVersion "1"]
[SourceVersionDate "2013.10.22"]
[SourceQuality "1"]

1. d4 Nf6 2. c4 g6 3. d5 Bg7 4. Nc3 0-0 5. e4 e6 6. Bd3 exd5 7. cxd5 c5 8. d6 Nc6 9. Nf3 Ne8 10. Bf4 Qf6 11. Bg3 Nxd6 12. Nd5 Qxb2 13. Rb1 Qxa2 14. Bxd6 Rd8 15. 0-0 c4 16. Bc2 b6 17. e5 Bb7 18. Be4 1-0

[Event "Chigorin Memorial 21st"]
[Site "St Petersburg"]
[Date "2013.10.07"]
[Round "3"]
[White "Svetlov, Dmitry"]
[Black "Rozum, Ivan"]
[Result "1-0"]
[WhiteElo "2371"]
[BlackElo "2533"]
[PlyCount "61"]
[EventDate "2013.10.05"]
[EventType "swiss"]
[EventRounds "9"]
[EventCountry "RUS"]
[SourceTitle "CBM 156 Extra"]
[Source "ChessBase"]
[SourceDate "2013.10.22"]
[SourceVersion "1"]
[SourceVersionDate "2013.10.22"]
[SourceQuality "1"]

1. d4 Nf6 2. Nf3 e6 3. g3 b5 4. Bg2 Bb7 5. 0-0 c5 6. c3 Be7 7. Bg5 Na6 8. Nbd2 0-0 9. e3 d5 10. Ne5 Nd7 11. Nxd7 Qxd7 12. Bxe7 Qxe7 13. Qe2 b4 14. dxc5 bxc3 15. c6 cxb2 16. Rab1 Bc8 17. Rxb2 Nb4 18. Qb5 a5 19. Rfb1 Qc7 20. e4 Ba6 21. Qa4 Rfd8 22. exd5 exd5 23. a3 Nxc6 24. Rc2 Rd6 25. Rbc1 Bb7 26. Nb3 Rad8 27. Nd4 Rc8 28. Nb5 Qe7 29. Nxd6 Qxd6 30. Qb5 Rc7 31. Bxd5 1-0

[Event "Chigorin Memorial 21st"]
[Site "St Petersburg"]
[Date "2013.10.06"]
[Round "2"]
[White "Demchenko, Anton"]
[Black "Svetlov, Dmitry"]
[Result "0-1"]
[WhiteElo "2632"]
[BlackElo "2371"]
[PlyCount "92"]
[EventDate "2013.10.05"]
[EventType "swiss"]
[EventRounds "9"]
[EventCountry "RUS"]
[SourceTitle "CBM 156 Extra"]
[Source "ChessBase"]
[SourceDate "2013.10.22"]
[SourceVersion "1"]
[SourceVersionDate "2013.10.22"]
[SourceQuality "1"]

1. e4 c6 2. d4 d5 3. e5 c5 4. dxc5 Nc6 5. Bb5 e6 6. Qg4 h5 7. Qe2 Bxc5 8. Nf3 Bd7 9. c3 d4 10. 0-0 a6 11. Bd3 dxc3 12. Nxc3 Nd4 13. Nxd4 Bxd4 14. Bf4 Bxc3 15. bxc3 Bc6 16. Rfd1 Qd5 17. Qf1 Qc5 18. Bc2 Ne7 19. c4 b5 20. Bd3 bxc4 21. Rac1 c3 22. Bxa6 Nd5 23. Bg5 Nb4 24. a3 Nxa6 25. Qxa6 0-0 26. Qe2 Rxa3 27. Qxh5 Qxe5 28. Qg4 Ra4 29. Qg3 Qxg3 30. hxg3 Rc4 31. Rd8 Rxd8 32. Bxd8 c2 33. Bg5 Ba4 34. Be3 Rc3 35. Ra1 Rd3 36. Kh2 Kh7 37. g4 Bb3 38. Kg3 Kg6 39. Kf3 Rd1 40. Rc1 Kf6 41. Ke4 e5 42. Kf3 Ke6 43. Ke2 Bc4+ 44. Kf3 Bd3 45. Kg3 Kd5 46. f3 Kc4 0-1

[Event "Chigorin Memorial 20th"]
[Site "St Petersburg"]
[Date "2012.11.03"]
[Round "8"]
[White "Denishev, Marat"]
[Black "Svetlov, Dmitry"]
[Result "0-1"]
[WhiteElo "2198"]
[BlackElo "2399"]
[PlyCount "64"]
[EventDate "2012.10.27"]
[EventType "swiss"]
[EventRounds "9"]
[EventCountry "RUS"]
[SourceTitle "EXT 2013"]
[Source "ChessBase"]
[SourceDate "2012.11.22"]
[SourceVersion "1"]
[SourceVersionDate "2012.11.22"]
[SourceQuality "1"]

1. e4 c6 2. Nc3 d5 3. Nf3 g6 4. d4 Bg7 5. e5 Bg4 6. h3 Bxf3 7. Qxf3 e6 8. Bd3 Nd7 9. 0-0 Ne7 10. Bg5 Qb6 11. Ne2 c5 12. c3 Nc6 13. Be3 Ndxe5 14. dxe5 Nxe5 15. Qg3 Nxd3 16. b4 Qc6 17. bxc5 Nxc5 18. Bd4 Ne4 19. Qf4 0-0 20. Rac1 Qc4 21. Bxg7 Kxg7 22. Nd4 Rac8 23. Qe5+ Kg8 24. Rc2 Qc7 25. Qxc7 Rxc7 26. Rfc1 Rfc8 27. Ne2 b5 28. a3 a6 29. f3 Nc5 30. g4 Kf8 31. h4 Ke7 32. f4 Ne4 0-1

[Event "Chigorin Memorial 20th"]
[Site "St Petersburg"]
[Date "2012.10.30"]
[Round "4"]
[White "Khanin, Semen"]
[Black "Svetlov, Dmitry"]
[Result "0-1"]
[WhiteElo "2181"]
[BlackElo "2399"]
[PlyCount "46"]
[EventDate "2012.10.27"]
[EventType "swiss"]
[EventRounds "9"]
[EventCountry "RUS"]
[SourceTitle "EXT 2013"]
[Source "ChessBase"]
[SourceDate "2012.11.22"]
[SourceVersion "1"]
[SourceVersionDate "2012.11.22"]
[SourceQuality "1"]

1. e4 e6 2. d4 d5 3. Nc3 Bb4 4. e5 c5 5. a3 Bxc3+ 6. bxc3 Ne7 7. Qg4 Qc7 8. Qxg7 Rg8 9. Qxh7 cxd4 10. Ne2 Nbc6 11. f4 dxc3 12. Qd3 Bd7 13. Nxc3 a6 14. Ne2 Nf5 15. Bd2 0-0-0 16. g3 d4 17. Bg2 Nce7 18. c4 dxc3 19. Qxc3 Bc6 20. Bxc6 Nxc6 21. 0-0 Qb6+ 22. Kh1 Qb5 23. Ng1 Rd3 0-1

[Event "Chigorin Memorial 20th"]
[Site "St Petersburg"]
[Date "2012.10.29"]
[Round "3"]
[White "Svetlov, Dmitry"]
[Black "Khairullin, Ildar"]
[Result "0-1"]
[WhiteElo "2399"]
[BlackElo "2639"]
[PlyCount "50"]
[EventDate "2012.10.27"]
[EventType "swiss"]
[EventRounds "9"]
[EventCountry "RUS"]
[SourceTitle "EXT 2013"]
[Source "ChessBase"]
[SourceDate "2012.11.22"]
[SourceVersion "1"]
[SourceVersionDate "2012.11.22"]
[SourceQuality "1"]

1. d4 f5 2. c4 Nf6 3. Nc3 e6 4. Nf3 Bb4 5. Qb3 a5 6. g3 c5 7. Bg2 Nc6 8. dxc5 Ne4 9. 0-0 Nxc3 10. bxc3 Bxc5 11. Qb5 b6 12. Ne5 0-0 13. Rd1 Nxe5 14. Bxa8 Ng4 15. Rd4 Qf6 16. Be3 Nxe3 17. fxe3 Qh6 18. Rd3 f4 19. Rf1 fxg3 20. Rxf8+ Kxf8 21. hxg3 Qh3 22. Bf3 Qxg3+ 23. Kf1 Ke7 24. Qb1 Ba6 25. Qb3 d5 0-1

[Event "Chigorin Memorial 20th"]
[Site "St Petersburg"]
[Date "2012.10.28"]
[Round "2"]
[White "Zvjaginsev, Vadim"]
[Black "Svetlov, Dmitry"]
[Result "1/2-1/2"]
[WhiteElo "2678"]
[BlackElo "2399"]
[PlyCount "59"]
[EventDate "2012.10.27"]
[EventType "swiss"]
[EventRounds "9"]
[EventCountry "RUS"]
[SourceTitle "EXT 2013"]
[Source "ChessBase"]
[SourceDate "2012.11.22"]
[SourceVersion "1"]
[SourceVersionDate "2012.11.22"]
[SourceQuality "1"]

1. c4 Nf6 2. Nc3 c5 3. g3 e6 4. Nf3 b6 5. Bg2 Bb7 6. 0-0 Be7 7. b3 0-0 8. Bb2 d5 9. e3 Nc6 10. cxd5 Nxd5 11. Nxd5 Qxd5 12. Ne5 Qd6 13. d4 cxd4 14. exd4 Rad8 15. Nc4 Qd7 16. Qg4 Bf6 17. Rfd1 Ne7 18. d5 exd5 19. Qxd7 Rxd7 20. Bxf6 gxf6 21. Ne3 Rfd8 22. Rd4 Rd6 23. Rad1 Kf8 24. Ra4 a5 25. Rh4 Kg7 26. Rg4+ Kf8 27. Rh4 Kg7 28. Rg4+ Kf8 29. Rh4 Kg7 30. Rg4+ 1/2-1/2